| 000 | 00925nam a2200205Ia 4500 | ||
|---|---|---|---|
| 003 | Ost | ||
| 005 | 20260507075802.0 | ||
| 008 | 260507s9999||||xx |||||||||||||| ||und|| | ||
| 020 | _a9961734756 | ||
| 040 | _cfsecg | ||
| 041 | _aara | ||
| 082 | _a338.54 | ||
| 100 |
_aبوعون يحياوي، نصيرة _eمؤلف |
||
| 245 | 0 |
_aالأزمات المالية العالمية وضرورة إصلاح صندوق النقد الدولي / _c نصيرة بوعون يحياوي |
|
| 260 |
_aالجزائر : _bالصفحات الزرقاء, _c2011 |
||
| 300 |
_a99 صفحة؛ _bإيضاحات ؛ _c24 سم |
||
| 520 | _a تناول جذور الأزمة المالية الحالية ، الأزمة المالية الراهنة جذورها وتداعياتها، أفاق وحلول الأزمة المالية العالمية الراهنة. | ||
| 653 | _aالأزمات الاقتصادية | ||
| 942 | _cكتاب | ||
| 999 |
_c46286 _d46286 |
||